[Event "St Veit op 38th"]
[Site "St Veit"]
[Date "2019.07.12"]
[Round "8"]
[White "Steindl, Johannes"]
[Black "Hofmann, Thomas"]
[Result "1-0"]
[WhiteElo "2276"]
[BlackElo "2223"]
[PlyCount "105"]
[EventDate "2019.07.06"]
[EventType "swiss"]
[EventRounds "9"]
[EventCountry "AUT"]
[SourceTitle "EXT 2020"]
[Source "ChessBase"]
[SourceDate "2019.10.17"]
[SourceVersion "1"]
[SourceVersionDate "2019.10.17"]
[SourceQuality "1"]

1. e4 c5 2. Nf3 e6 3. d4 cxd4 4. Nxd4 Nf6 5. Nc3 Nc6 6. Ndb5 Bc5 7. Bf4 0-0 8. Bc7 Qe7 9. Bd6 Bxd6 10. Qxd6 Ne8 11. Qxe7 Nxe7 12. 0-0-0 f5 13. Nd6 Nxd6 14. Rxd6 fxe4 15. Nxe4 Nf5 16. Rd2 d5 17. Ng5 Nh4 18. g3 Nf3 19. Nxf3 Rxf3 20. Bg2 Rf7 21. f4 Bd7 22. Re1 Kf8 23. Re5 g6 24. h4 Rc8 25. Bf1 Rf5 26. Re1 Rf6 27. Bd3 Ke7 28. Rh2 Rg8 29. Kd2 b5 30. a3 Kd6 31. Re5 a5 32. Ke3 Rff8 33. Rg5 Be8 34. Kd4 Rg7 35. Rh1 Rb7 36. Re5 b4 37. h5 bxa3 38. bxa3 Rf6 39. Rf1 gxh5 40. c4 Rb3 41. Rfe1 Bc6 42. c5+ Ke7 43. Rxh5 h6 44. Reh1 Rxa3 45. Rxh6 Rxh6 46. Rxh6 Ra1 47. Rh7+ Kf6 48. g4 Ra4+ 49. Ke3 d4+ 50. Kd2 Ra2+ 51. Kc1 e5 52. g5+ Ke6 53. Bc4+ 1-0

[Event "St Veit op 38th"]
[Site "St Veit"]
[Date "2019.07.10"]
[Round "6"]
[White "Drnovsek, Gal"]
[Black "Hofmann, Thomas"]
[Result "1/2-1/2"]
[WhiteElo "2385"]
[BlackElo "2223"]
[PlyCount "151"]
[EventDate "2019.07.06"]
[EventType "swiss"]
[EventRounds "9"]
[EventCountry "AUT"]
[SourceTitle "EXT 2020"]
[Source "ChessBase"]
[SourceDate "2019.10.17"]
[SourceVersion "1"]
[SourceVersionDate "2019.10.17"]
[SourceQuality "1"]

1. d4 d5 2. c4 e6 3. Nc3 Nf6 4. cxd5 exd5 5. Bg5 c6 6. Qc2 Be6 7. e3 h6 8. Bh4 Nbd7 9. Bd3 g5 10. Bg3 Nh5 11. Nge2 Nxg3 12. Nxg3 h5 13. 0-0-0 h4 14. Nf5 Qf6 15. g4 hxg3 16. fxg3 0-0-0 17. Rhf1 Kb8 18. e4 g4 19. exd5 cxd5 20. Kb1 Nb6 21. Nb5 Rc8 22. Qd2 Qd8 23. Rf2 a6 24. Qf4+ Ka8 25. Nc3 Bb4 26. Ne2 Na4 27. Nc1 Ba3 28. Rdf1 Bxb2 29. Rxb2 Nxb2 30. Kxb2 Rxh2+ 31. Rf2 Rxf2+ 32. Qxf2 Qc7 33. Qe1 Rh8 34. Ne3 a5 35. Ne2 Qb6+ 36. Ka1 Rh2 37. Nc2 Bd7 38. Nf4 Qd8 39. Qg1 Rh6 40. Qe1 Ba4 41. Ne3 Qb6 42. Nf5 Rh2 43. Be2 Bc6 44. Qb1 Qxb1+ 45. Kxb1 Bd7 46. Ne3 Rh1+ 47. Kb2 Rg1 48. Nexd5 Bc6 49. Bxg4 Rxg3 50. Nf6 a4 51. d5 a3+ 52. Kc1 Ba4 53. d6 Rc3+ 54. Kd2 Rc2+ 55. Ke3 Rxa2 56. Bd7 Bxd7 57. Nxd7 Rb2 58. Nc5 Rb6 59. d7 Rd6 60. Nfd3 a2 61. Nb3 Rxd7 62. Nb4 Ka7 63. Nxa2 b5 64. Nb4 Kb6 65. Ke4 Rd1 66. Nd5+ Kc6 67. Nd4+ Kc5 68. Nb3+ Kd6 69. Nc3 Re1+ 70. Kd4 b4 71. Na2 Rb1 72. Kc4 f5 73. Nxb4 f4 74. Nd3 f3 75. Nd2 f2 76. Nxf2 1/2-1/2

[Event "AUT-chT2O 1819"]
[Site "Austria"]
[Date "2019.03.09"]
[Round "8.3"]
[White "Hofmann, Thomas"]
[Black "Benkoe, Markus"]
[Result "0-1"]
[WhiteElo "2262"]
[BlackElo "2000"]
[PlyCount "86"]
[EventDate "2018.10.06"]
[EventType "team-tourn"]
[EventRounds "11"]
[EventCountry "AUT"]
[SourceTitle "CBM 189 Extra"]
[Source "ChessBase"]
[SourceDate "2019.06.03"]
[SourceVersion "1"]
[SourceVersionDate "2019.06.03"]
[SourceQuality "1"]
[WhiteTeam "Mistelbach/Altlichtenwarth"]
[BlackTeam "Oberwart DeLaVie"]
[WhiteTeamCountry "AUT"]
[BlackTeamCountry "AUT"]

1. d4 d6 2. c4 Nf6 3. Nc3 g6 4. e4 Bg7 5. Be2 0-0 6. Be3 e5 7. d5 a5 8. g4 Na6 9. g5 Ne8 10. h4 f5 11. gxf6 Nxf6 12. h5 Nc5 13. hxg6 Ncxe4 14. gxh7+ Kh8 15. Nxe4 Nxe4 16. Nf3 Qf6 17. Rh2 Bf5 18. Nh4 Nc5 19. Nxf5 Qxf5 20. Qd2 a4 21. 0-0-0 a3 22. b3 e4 23. Qc2 Qe5 24. Rg2 Rf7 25. Rdg1 Nd3+ 26. Kd2 Nb4 27. Qb1 Qc3+ 28. Kd1 Nd3 29. Bxd3 exd3 30. Qc1 Qb2 31. f4 Qf6 32. Kd2 Re8 33. Kxd3 Qf5+ 34. Kd2 Rxe3 35. Kxe3 Qxf4+ 36. Kd3 Qf5+ 37. Ke2 Qf3+ 38. Kd2 Bh6+ 39. Rg5 Qf4+ 40. Kc2 Qxc1+ 41. Kxc1 Rf5 42. Re1 Bxg5+ 43. Kc2 Rf2+ 0-1

[Event "Niederoesterreich Landesliga 1819"]
[Site "Austria"]
[Date "2019.02.17"]
[Round "8.1"]
[White "Hofegger, Jakob"]
[Black "Hofmann, Thomas"]
[Result "1-0"]
[WhiteElo "2128"]
[BlackElo "2257"]
[PlyCount "55"]
[EventDate "2018.09.30"]
[EventType "team-tourn"]
[EventRounds "11"]
[EventCountry "AUT"]
[SourceTitle "CBM 189 Extra"]
[Source "ChessBase"]
[SourceDate "2019.06.03"]
[SourceVersion "1"]
[SourceVersionDate "2019.06.03"]
[SourceQuality "1"]
[WhiteTeam "Baden Invest"]
[BlackTeam "Mistelbach/Altlichtenwarth"]
[WhiteTeamCountry "AUT"]
[BlackTeamCountry "AUT"]

1. Nf3 c5 2. g3 d5 3. Bg2 Nf6 4. 0-0 Nc6 5. d3 e6 6. Nbd2 Be7 7. e4 b6 8. Re1 Bb7 9. c3 Qc7 10. Qe2 h6 11. a3 0-0-0 12. b4 Ba6 13. c4 dxc4 14. Nxc4 Bxc4 15. dxc4 cxb4 16. c5 Bxc5 17. Be3 Nd7 18. axb4 Bxe3 19. Qxe3 Nxb4 20. Nd4 Nc5 21. Nb5 Qd7 22. Nxa7+ Kb7 23. e5+ Nd5 24. Reb1 Qe7 25. Qa3 Ra8 26. Rxb6+ Kxb6 27. Qa5+ Kb7 28. Rb1+ 1-0

[Event "AUT-chT2O 1819"]
[Site "Austria"]
[Date "2019.01.12"]
[Round "6.2"]
[White "Hofmann, Thomas"]
[Black "Sadilek, Peter"]
[Result "1-0"]
[WhiteElo "2262"]
[BlackElo "2291"]
[PlyCount "65"]
[EventDate "2018.10.06"]
[EventType "team-tourn"]
[EventRounds "11"]
[EventCountry "AUT"]
[SourceTitle "CBM 189 Extra"]
[Source "ChessBase"]
[SourceDate "2019.06.03"]
[SourceVersion "1"]
[SourceVersionDate "2019.06.03"]
[SourceQuality "1"]
[WhiteTeam "Mistelbach/Altlichtenwarth"]
[BlackTeam "Tschaturanga"]
[WhiteTeamCountry "AUT"]
[BlackTeamCountry "AUT"]

1. d4 Nf6 2. c4 g6 3. Nc3 Bg7 4. e4 0-0 5. Be2 d6 6. Be3 Na6 7. g4 c5 8. d5 e6 9. f3 exd5 10. cxd5 h5 11. g5 Nh7 12. h4 f6 13. gxf6 Bxf6 14. Nh3 Bxh4+ 15. Kd2 Bxh3 16. Rxh3 Bg5 17. Qg1 Bxe3+ 18. Qxe3 Qf6 19. Rg1 Kh8 20. f4 Rae8 21. f5 gxf5 22. Bxh5 f4 23. Qf2 Re7 24. Bg6 Rg7 25. Rh6 Rff7 26. a3 f3 27. Kc2 Qd4 28. Qh2 f2 29. Rf1 c4 30. Qh3 Re7 31. Rh1 Rxg6 32. Rxh7+ Kg8 33. Qc8+ 1-0

[Event "AUT-chT2O 1819"]
[Site "Austria"]
[Date "2018.12.01"]
[Round "5.6"]
[White "Hofmann, Thomas"]
[Black "Gstach, Jakob"]
[Result "1/2-1/2"]
[WhiteElo "2262"]
[BlackElo "2276"]
[PlyCount "153"]
[EventDate "2018.10.06"]
[EventType "team-tourn"]
[EventRounds "11"]
[EventCountry "AUT"]
[SourceTitle "CBM 187 Extra"]
[Source "ChessBase"]
[SourceDate "2018.11.04"]
[SourceVersion "1"]
[SourceVersionDate "2018.11.04"]
[SourceQuality "1"]
[WhiteTeam "Mistelbach/Altlichtenwarth"]
[BlackTeam "Wien Ottakring"]
[WhiteTeamCountry "AUT"]
[BlackTeamCountry "AUT"]

1. d4 Nf6 2. c4 g6 3. Nc3 Bg7 4. e4 d6 5. Be2 0-0 6. Be3 e5 7. d5 Na6 8. g4 Nc5 9. Bf3 a5 10. g5 Ne8 11. h4 c6 12. dxc6 Nc7 13. Qd2 bxc6 14. 0-0-0 N7e6 15. Nge2 a4 16. Qxd6 Qa5 17. Bxc5 Nxc5 18. Qxc6 Be6 19. Qb5 Qa7 20. Nd5 Rab8 21. Qc6 Rfc8 22. Qd6 Bxd5 23. Rxd5 Rb6 24. Rxc5 Rxd6 25. Rxc8+ Bf8 26. c5 Rd7 27. Nc3 Rc7 28. Rxc7 Qxc7 29. Rd1 Qxc5 30. Rd2 a3 31. Rc2 axb2+ 32. Kb1 Qa3 33. Be2 Kg7 34. Bc4 Bc5 35. Bb3 Qb4 36. Kxb2 Bd4 37. f3 f6 38. a3 Qc5 39. Bd5 Qb5+ 40. Ka2 Qd3 41. Kb3 Qxf3 42. a4 fxg5 43. hxg5 Qg3 44. a5 Qxg5 45. Nb5 Qe3+ 46. Ka4 h5 47. Nc7 h4 48. Ne8+ Kh6 49. Nf6 Kg5 50. Nh7+ Kh6 51. Nf6 Kg7 52. Ng4 Qf3 53. Rc7+ Kf8 54. Rf7+ Qxf7 55. Bxf7 Kxf7 56. Kb5 Ke6 57. Kc6 h3 58. a6 g5 59. Kc7 Ke7 60. Nh2 Kf6 61. Kd6 Kg6 62. Nf3 Be3 63. Kxe5 g4 64. Nd4 g3 65. a7 Bxd4+ 66. Kxd4 g2 67. a8Q g1Q+ 68. Kd5 h2 69. Qg8+ Kh5 70. Qh7+ Kg4 71. Qg7+ Kf3 72. Qf6+ Ke2 73. Qb2+ Kf1 74. Qc1+ Kg2 75. Qg5+ Kh1 76. Qh5 Qf1 77. Qg4 1/2-1/2

[Event "AUT-chT2O 1819"]
[Site "Austria"]
[Date "2018.11.03"]
[Round "3.6"]
[White "Wilke, Werner"]
[Black "Hofmann, Thomas"]
[Result "1/2-1/2"]
[WhiteElo "2223"]
[BlackElo "2262"]
[PlyCount "122"]
[EventDate "2018.10.06"]
[EventType "team-tourn"]
[EventRounds "11"]
[EventCountry "AUT"]
[SourceTitle "CBM 187 Extra"]
[Source "ChessBase"]
[SourceDate "2018.11.04"]
[SourceVersion "1"]
[SourceVersionDate "2018.11.04"]
[SourceQuality "1"]
[WhiteTeam "Bad Voeslau"]
[BlackTeam "Mistelbach/Altlichtenwarth"]
[WhiteTeamCountry "AUT"]
[BlackTeamCountry "AUT"]

1. e4 c5 2. Nf3 e6 3. d4 cxd4 4. Nxd4 Nf6 5. Nc3 Nc6 6. g3 d5 7. exd5 Nxd5 8. Nxc6 bxc6 9. Ne2 Be7 10. Bg2 0-0 11. 0-0 Ba6 12. Re1 Rb8 13. Nd4 Rb6 14. a4 c5 15. Nb5 Bxb5 16. axb5 c4 17. Rxa7 Rxb5 18. c3 Bg5 19. Bxg5 Qxg5 20. Qe2 Qf6 21. Rea1 g6 22. h4 Rfb8 23. R1a2 Kg7 24. R7a4 Rxb2 25. Rxb2 Nxc3 26. Qf3 Rxb2 27. Qxf6+ Kxf6 28. Rxc4 Nb5 29. Rf4+ Ke7 30. Ra4 Nd6 31. Bf3 Rc2 32. h5 Rc7 33. hxg6 hxg6 34. Kg2 f5 35. g4 Nf7 36. Rb4 Rc2 37. gxf5 gxf5 38. Bd1 Rc6 39. Bf3 Rc7 40. Rb7 Rxb7 41. Bxb7 e5 42. f3 Kf6 43. Kg3 Kg5 44. Bd5 Nh8 45. Bc6 Ng6 46. Bb7 Nf4 47. Kf2 Nh5 48. Ke3 Nf6 49. Bc6 f4+ 50. Kf2 Kf5 51. Bb7 Ke6 52. Ke2 Kd6 53. Kd3 Nd7 54. Ba8 Nb6 55. Bb7 Na4 56. Kc4 Nb6+ 57. Kd3 Nd7 58. Ba8 Ke6 59. Bc6 Kd6 60. Ba8 Nb6 61. Bb7 Na4 1/2-1/2

[Event "St Veit op 37th"]
[Site "St Veit"]
[Date "2018.07.11"]
[Round "6"]
[White "Hatzl, Johannes"]
[Black "Hofmann, Thomas"]
[Result "0-1"]
[WhiteElo "2068"]
[BlackElo "2305"]
[PlyCount "104"]
[EventDate "2018.07.07"]
[EventType "swiss"]
[EventRounds "9"]
[EventCountry "AUT"]
[SourceTitle "EXT 2019"]
[Source "ChessBase"]
[SourceDate "2018.10.10"]
[SourceVersion "1"]
[SourceVersionDate "2018.10.10"]
[SourceQuality "1"]

1. e4 e5 2. Nf3 Nc6 3. Bc4 Nf6 4. d3 Be7 5. 0-0 0-0 6. c3 d6 7. Re1 Na5 8. Bb5 a6 9. Ba4 b5 10. Bc2 c5 11. d4 Qc7 12. Nbd2 cxd4 13. cxd4 Nc6 14. d5 Nb4 15. Bb1 a5 16. a3 Na6 17. Bd3 Bd7 18. Nf1 Nc5 19. Bg5 Nxd3 20. Qxd3 Rfc8 21. Rec1 Qb7 22. h3 b4 23. Qb3 h6 24. Bxf6 Bxf6 25. axb4 Rxc1 26. Rxc1 Rb8 27. N3d2 Bg5 28. Rc2 Qa7 29. b5 Rxb5 30. Qa3 Be7 31. Nc4 a4 32. Qe3 Qb8 33. Nfd2 f5 34. f4 exf4 35. Qxf4 fxe4 36. Qxe4 Qf8 37. Na3 Rb7 38. g4 Qf6 39. Nac4 Be8 40. Rc3 Bg6 41. Qe3 Bf8 42. Ne4 Bxe4 43. Qxe4 Re7 44. Qf3 Qd4+ 45. Ne3 Rf7 46. Qg2 Be7 47. Kh2 g6 48. Qe2 Qe5+ 49. Kh1 Qe4+ 50. Kg1 Bg5 51. Qd3 Qxd3 52. Rxd3 Rf3 0-1

[Event "Niederoesterreich Landesliga 1718"]
[Site "Austria"]
[Date "2018.04.15"]
[Round "11.2"]
[White "Hofmann, Thomas"]
[Black "Mostbauer, Florian"]
[Result "1/2-1/2"]
[WhiteElo "2244"]
[BlackElo "2265"]
[PlyCount "33"]
[EventDate "2017.10.01"]
[EventType "team-tourn"]
[EventRounds "11"]
[EventCountry "AUT"]
[SourceTitle "EXT 2021"]
[Source "ChessBase"]
[SourceDate "2020.10.23"]
[SourceVersion "1"]
[SourceVersionDate "2020.10.23"]
[SourceQuality "1"]
[WhiteTeam "Mistelbach"]
[BlackTeam "Boehlerwerk"]
[WhiteTeamCountry "AUT"]
[BlackTeamCountry "AUT"]

1. b3 e5 2. Bb2 Nc6 3. e3 d5 4. Bb5 Nge7 5. Nf3 e4 6. Ne5 a6 7. Nxc6 Nxc6 8. Bxc6+ bxc6 9. Qh5 Be6 10. 0-0 Qd7 11. d3 exd3 12. cxd3 Be7 13. Qe2 0-0 14. Nc3 Rfe8 15. Rac1 Bd6 16. Na4 Bf5 17. Bd4 1/2-1/2

[Event "AUT-chT2O 1718"]
[Site "Austria"]
[Date "2018.04.07"]
[Round "10.3"]
[White "Schwarhofer, Christopher"]
[Black "Hofmann, Thomas"]
[Result "1-0"]
[WhiteElo "2384"]
[BlackElo "2252"]
[PlyCount "91"]
[EventDate "2017.10.21"]
[EventType "team-tourn"]
[EventRounds "11"]
[EventCountry "AUT"]
[SourceTitle "EXT 2019"]
[Source "ChessBase"]
[SourceDate "2018.10.10"]
[SourceVersion "1"]
[SourceVersionDate "2018.10.10"]
[SourceQuality "1"]
[WhiteTeam "Nickelsdorf Blackburne"]
[BlackTeam "Mostarrichi"]
[WhiteTeamCountry "AUT"]
[BlackTeamCountry "AUT"]

1. e4 c5 2. Nc3 e6 3. d3 a6 4. g3 b5 5. Bg2 Bb7 6. f4 d6 7. Nf3 Nc6 8. 0-0 Nd4 9. Be3 Qb6 10. Ne2 Nxe2+ 11. Qxe2 d5 12. exd5 Bxd5 13. c4 bxc4 14. dxc4 Be4 15. Ng5 Bxg2 16. Qxg2 Rc8 17. f5 e5 18. Qd5 Qc7 19. Bf4 Nf6 20. Qxe5+ Qxe5 21. Bxe5 Be7 22. Rae1 0-0 23. Ne4 Rfd8 24. Nxf6+ Bxf6 25. Bxf6 gxf6 26. Rd1 a5 27. Kf2 a4 28. Rxd8+ Rxd8 29. Ke2 Rb8 30. Rb1 Kg7 31. b3 Kh6 32. h4 Re8+ 33. Kf3 Rd8 34. b4 cxb4 35. Rxb4 Rd3+ 36. Ke4 Rxg3 37. Rxa4 Rg4+ 38. Kd5 Rf4 39. Rb4 Kh5 40. Rb2 Rxf5+ 41. Kd6 Rf4 42. Rc2 Rd4+ 43. Ke7 f5 44. c5 f4 45. c6 Re4+ 46. Kf8 1-0